00319nam a2200109Ia 4500008004100000041000800041100001700049245007400066260003100140300000800171700003000179250110s9999 xx 000 0 und d aeng aSurana Ruchi aPratibimba : Community Space Reflecting Culture And Tradition Of Pune bBNCA B-Arch ID, Punec2016 a70p aGuide Name:Sowani Avinash